000 00543nam a2200169 a 4500
001 000045839
005 20201002052456.0
008 150519s2015 dr a 000 0 spa d
040 _aDO-SdBNP
_bspa
_cBNPHU
100 1 _aLenin, V. I.
_945797
245 1 0 _a¿Ningún compromiso? :
_b35 aniversario del PCT /
_cV. I. Lenin.
260 _aSanto Domingo :
_bPCT,
_c2015.
_fMediabyte
300 _a24 p. :
_bil. ;
_c22 cm.
490 1 _aTriunfo comunista
_v36
710 1 _aPartido Comunista del Trabajo
_973916
830 0 _aTriunfo comunista
_n36
_973917
999 _c45328
_d45328